000 00433nam a2200181Ia 4500
001 19716
005 20260306172713.0
008 260306t1968||||xx |||||||||||||| ||spa||
041 _aESP
082 _a341
_bM26
100 _aMarx, Carlos
_eAUT
245 0 _aCrítica de la filosofía del estado de Hegel
260 _c1968
300 _a158 páginas :
_c18 cm.
650 _aGEN
654 _aCDE
942 _cLIB
_dJUS
_fJUS
_2ddc
_n
999 _c19716
_d19716